000 00420nam a2200133Ia 4500
008 100328s9999 xx 000 0 und d
082 _b6220
100 _aआपटे ह.ना.
245 _aस्फूट गोष्टी भाग 4था
260 _b---
630 _aस्फूट गोष्टी भाग 4था
730 _aस्फूट गोष्टी भाग 4था
942 _cBOOK
999 _c502157
_d502154